[Event "Mittelfrank Regionalliga Nord-West 2223"]
[Site "Mittelfranken"]
[Date "2023.03.05"]
[Round "7.6"]
[White "Urytskyy, Semen"]
[Black "Schmid, Tilman"]
[Result "1/2-1/2"]
[WhiteElo "1875"]
[BlackElo "1834"]
[PlyCount "54"]
[EventDate "2022.10.09"]
[EventType "team-tourn"]
[EventRounds "9"]
[EventCountry "GER"]
[SourceTitle "EXT 2024"]
[Source "ChessBase"]
[SourceDate "2023.10.10"]
[SourceVersion "1"]
[SourceVersionDate "2023.10.10"]
[SourceQuality "1"]
[WhiteTeam "Hof PTSV"]
[BlackTeam "Stetten"]
[WhiteTeamCountry "GER"]
[BlackTeamCountry "GER"]

1. e4 e5 2. Nf3 Nf6 3. d4 Nxe4 4. Nxe5 d6 5. Nf3 d5 6. Bd3 Nc6 7. 0-0 Be7 8. Re1 Bg4 9. c3 f5 10. Nbd2 Qd6 11. Qa4 0-0 12. Bb5 Nxd2 13. Nxd2 Nd8 14. Be2 Bh4 15. Nf3 Bxf3 16. Bxf3 Ne6 17. Qb3 c6 18. Bd2 Ng5 19. Bxg5 Bxg5 20. Re2 b5 21. Rae1 Qd7 22. h3 Rae8 23. Qc2 Rxe2 24. Qxe2 Kf7 25. Kf1 Re8 26. Qxe8+ Qxe8 27. Rxe8 Kxe8 1/2-1/2

[Event "Mittelfrank Regionalliga Nord-West 2223"]
[Site "Mittelfranken"]
[Date "2022.10.09"]
[Round "1.7"]
[White "Schwarzmann, Holger"]
[Black "Schmid, Tilman"]
[Result "1-0"]
[WhiteElo "1841"]
[BlackElo "1834"]
[PlyCount "135"]
[EventDate "2022.10.09"]
[EventType "team-tourn"]
[EventRounds "9"]
[EventCountry "GER"]
[SourceTitle "EXT 2024"]
[Source "ChessBase"]
[SourceDate "2023.10.10"]
[SourceVersion "1"]
[SourceVersionDate "2023.10.10"]
[SourceQuality "1"]
[WhiteTeam "Hoechstadt/Aisch"]
[BlackTeam "Stetten"]
[WhiteTeamCountry "GER"]
[BlackTeamCountry "GER"]

1. d4 d5 2. c4 c6 3. Nc3 Nf6 4. e3 e6 5. Nf3 Be7 6. Bd3 0-0 7. 0-0 dxc4 8. Bxc4 b5 9. Bd3 Bb7 10. Bd2 a6 11. Ne5 c5 12. dxc5 Bxc5 13. Qe2 Qc7 14. f4 Nbd7 15. Nxd7 Qxd7 16. Rad1 b4 17. Nb1 Nd5 18. Kh1 f5 19. e4 fxe4 20. Bxe4 Qb5 21. Bd3 Qb6 22. Rde1 Rae8 23. Qh5 Nf6 24. Qh3 Bd5 25. b3 Re7 26. Be3 Bxe3 27. Rxe3 Qb7 28. Nd2 g6 29. Bc4 Nh5 30. Bxd5 Qxd5 31. Rd3 Qc6 32. Qe3 Ref7 33. Rd4 Nxf4 34. Nf3 Nd5 35. Qd2 Rf4 36. Rxf4 Rxf4 37. Rc1 Qd6 38. h3 Rf8 39. Re1 Re8 40. Re5 Rc8 41. Re1 Qf4 42. Qe2 Rc6 43. Ne5 Rc1 44. Nc4 Rxe1+ 45. Qxe1 Kf7 46. Ne5+ Ke8 47. Nd3 Qd6 48. Qe4 Ke7 49. Qh4+ Nf6 50. Qxb4 Qxb4 51. Nxb4 Kd6 52. Nxa6 Nd5 53. b4 Kc6 54. a3 Nb6 55. Nc5 e5 56. Kh2 Nc4 57. a4 Nb6 58. Kg3 Nd5 59. Nd3 e4 60. Ne5+ Kb6 61. Nc4+ Kc6 62. b5+ Kc5 63. b6 Nxb6 64. Nxb6 Kxb6 65. Kf4 e3 66. Kxe3 Ka5 67. Kf4 h6 68. Ke5 1-0